Important peace treaties (1500-1800) - Statistics

General Stats
  • This quiz has been taken 34 times
  • The average score is 4 of 20
Answer Stats
Hint Answer % Correct
1648, Holy Roman empire Westphalia
83%
1763, France Paris
79%
1713, The Netherlands Utrecht
55%
1494, Spain Tordesillas
52%
1526, Spain Madrid
28%
1555, Holy Roman empire Augsburg
24%
1783, France Versailles
17%
1748, Holy Roman empire Aachen
7%
1559, France Cateau-Cambrésis
7%
1678, The Netherlands Nijmegen
7%
1529, Spain Zaragoza
7%
1660, England Dover
3%
1629, Holy Roman empire Lubeck
3%
1659, France Pyrenees
3%
1697, The Netherlands Rijswijk
3%
1667, Russia/Poland-Lithuania Andrusovo
0%
1529, France Cambrai
0%
1721, Finland/Russia Nystadt
0%
1714, Holy Roman empire (Baden Baden) Rastatt
0%
1598, France Vervins
0%
No matching quizzes found
Score Distribution
Percent of People with Each Score
Percentile by Number Answered
Your Score History
You have not taken this quiz